SEMIOTICA, VOL.110-N.1/2 (1996) (Record n. 182896)
[ formato base ]
| 000 -LEADER | |
|---|---|
| fixed length control field | 01001nas a2200253Ia 4500 |
| 001 - CONTROL NUMBER | |
| control field | R703/D9298 |
| 003 - CONTROL NUMBER IDENTIFIER | |
| control field | IT-RoPAU |
| 008 - FIXED-LENGTH DATA ELEMENTS--GENERAL INFORMATION | |
| fixed length control field | 151124c99999999xx |||||||||||| ||und|| |
| 040 ## - CATALOGING SOURCE | |
| Original cataloging agency | IT-RoPAU |
| 040 ## - CATALOGING SOURCE | |
| Transcribing agency | IT-RoPAU |
| 041 ## - LANGUAGE CODE | |
| Language code of text/sound track or separate title | INGLESE |
| 100 ## - MAIN ENTRY--PERSONAL NAME | |
| Personal name | Violi Patrizia |
| Miscellaneous information | Codice Aut. SPICS: 637 |
| 210 ## - ABBREVIATED TITLE | |
| Abbreviated title | SEMIOTICA |
| 222 ## - KEY TITLE | |
| Key title | Semiotica |
| 245 ## - TITLE STATEMENT | |
| Title | SEMIOTICA, VOL.110-N.1/2 (1996) |
| Remainder of title | Semiotics And Cognitive Science: A Time To Meet? |
| 250 ## - EDITION STATEMENT | |
| Edition statement | 1a ed. |
| 260 ## - PUBLICATION, DISTRIBUTION, ETC. (IMPRINT) | |
| Place of publication, distribution, etc. | BERLIN |
| Name of publisher, distributor, etc. | WALTER DE GRUYTER & CO |
| Date of publication, distribution, etc. | 1996 |
| 300 ## - PHYSICAL DESCRIPTION | |
| Extent | 14 p. [157-170] |
| 362 ## - DATES OF PUBLICATION AND/OR SEQUENTIAL DESIGNATION | |
| Dates of publication and/or sequential designation | VOL.110, N.1/2 (1996) |
| 501 ## - WITH NOTE | |
| -- | Paulus - SPICS - Società San Paolo EM (non-commercial uses only) |
| -- | Copyright2015 |
| 500 ## - GENERAL NOTE | |
| General note | Semiotica e Scienza Cognitiva: Articolo di Recensione del Volume di Ray Jackendoff: Languages Of The Mind: Essays On Mental Representation, del 1992.Jackendoff e la Situazione dell'Arte nella Semantica Cognitiva. Modello Morfodinamico. |
| 650 ## - SUBJECT ADDED ENTRY--TOPICAL TERM | |
| Topical term or geographic name as entry element | SEMIOTICA |
| Form subdivision | PUBBLICAZIONE PERIODICA |
| 942 ## - ADDED ENTRY ELEMENTS (KOHA) | |
| Koha item type | RIVISTA |
| Withdrawn status | Lost status | Damaged status | Not for loan | Home library | Current library | Date acquired | Total Checkouts | Full call number | Date last seen | Price effective from | Koha item type | Public note |
|---|---|---|---|---|---|---|---|---|---|---|---|---|
| Buone Condizioni | Not For Loan | SPICS-MEDIATECA | SPICS-MEDIATECA | 25/11/2015 | R703/D9298 | 25/11/2015 | 25/11/2015 | RIVISTA | Progr. Ins: 90761 / Copia rara: NO / date import: 25.11.2015 / By Epidotti, Trombetti, Vaglietti |